Personnel : The management of people at work

Bibliographic Details
Main Author: Beach, Dale S
Format: Book
Published: New York : Mac Millan Publishing Co. , 1980
Edition:4th ed
Subjects:

MARC

LEADER 00000cam a2200000 7i4500
001 0000002334
005 20050419.0
020 |a 0023070404 
040 |a INS 
090 0 0 |a HF5549.   |b B32 1980 
100 1 |a Beach, Dale S 
245 1 0 |a Personnel :   |b The management of people at work   |c Dale S. Beach 
250 |a 4th ed 
260 |a New York :   |b Mac Millan Publishing Co. ,   |c 1980 
300 |a xiv, 714p :   |b ill ;   |c 26 cm. 
600 0 0 |a Personnel management 
999 |a 0000000002   |b BOOK   |c Open Shelf   |e Default branch 
999 |a 0000000943   |b BOOK   |c Open Shelf   |e Default branch